Statistiques concernant Villes les plus peuplées de l'hémisphère sud

Cliquez ici pour prendre le quiz!

Statistiques générales

  • Ce quiz a été pris 4,383 fois
    (2,376 depuis la dernière actualisation)
  • Le résultat moyen est 11 sur 20

Statistiques - réponses

Population Ville % Correct
12 800 000Rio de Janeiro
91%
16 100 000Buenos Aires
90%
5 000 000Sydney
88%
22 100 000São Paulo
82%
30 300 000Jakarta
80%
7 050 000Santiago
79%
13 400 000Johannesburg
76%
4 125 000Le Cap
75%
10 300 000Lima
69%
3 975 000Brasilia
68%
4 550 000Melbourne
64%
11 600 000Kinshasa
62%
5 750 000Nairobi
44%
7 650 000Luanda
40%
5 900 000Dar es Salam
30%
5 000 000Belo Horizonte
21%
3 800 000Recife
18%
4 075 000Porto Alegre
14%
4 750 000Surabaya
10%
6 150 000Bandung
10%

Distribution des résultats

Percentile par nombre de réponses

% des personnes avec chaque résultat

Votre développement - résultats

Vous n’avez pas pris ce quiz depuis la dernière actualisation